000 00731cam a2200217 4500
001 WB3649-29
008 000000n2000 000 0 eng u
035 _a(Sirsi) u109979
245 _aRICS campaign leads to GMO registers
260 _c2000
490 _aRICS Press Release
_v(pr141) 13 December 2000 (2)
520 _aAfter two years of campaigning, pressure from the RICS has led to the EU putting in place requirements for member states to set up public registers recording the location of all genetically modified crops.
590 _aWB
650 _aRICS
650 _aGENETICALLY MODIFIED CROPS
650 _aPUBLIC REGISTERS
650 _aEU
650 _aRURAL LAND
690 _aRural
_96268
942 _n0
999 _c65597
_d65597